Word Ladder: The Dude Abides Quiz Stats

 Plays Quiz Updated Aug 10, 2018

Score 0/18 Timer 02:00
4 Plays Today
Clue 3-Letter Answer % Correct
• Most common written English word •• THE •
98.8%
Buzzing insectBEE
98.4%
A golfer may set their ball on thisTEE
98%
A dog may do this for a treatBEG
94.6%
Tear apartRIP
94.3%
A fibLIE
93.8%
• Partner of an arrow •• BOW •
92.4%
• 1988 Tom Hanks movie •• BIG •
92.2%
Tool for cutting woodSAW
90.3%
Clue 3-Letter Answer % Correct
Female pigSOW
90%
A tractor-trailer truckRIG
89.9%
Edge of a containerLIP
89.6%
Tract of wet, spongy groundBOG
82.5%
A section of a relay raceLEG
81.9%
A unit of woodLOG
81.5%
• One of a pair of runners for gliding over snow •• SKI •
79.8%
• An area that is sheltered from the wind •• LEE •
79.2%
Raphael's weapon of choice (TMNT)SAI
73%

Today's Daily Dose

Word Ladder
Lean on Me

Get the Picture
Superhero by Villain

You're not logged in!

Compare scores with friends on all Sporcle quizzes.
OR
Log In

Sporcle TV

Today on Sporcle TV


Watch our educational content, quiz creation guides, and fun videos on Sporcle TV.

Show Comments

Extras

Top Quizzes Today


Score Distribution

Your Account Isn't Verified!

In order to create a playlist on Sporcle, you need to verify the email address you used during registration. Go to your Sporcle Settings to finish the process.

Report this User

Report this user for behavior that violates our Community Guidelines.

Details: